000 01213nam a2200325Ia 4500
001 ebr10424335
003 CaPaEBR
006 m u
007 cr cn|||||||||
008 050704s2006 enk s 000 0 eng d
020 _z981261821X (Asia & ANZ)
020 _z9781904879527 (pbk.)
020 _z1904879527 (pbk.)
040 _aCaPaEBR
_cCaPaEBR
035 _a(OCoLC)613345000
050 1 4 _aHF5381
_b.K39 2006eb
082 0 4 _a650.1
_222
100 1 _aKay, Frances,
_d1949-
245 1 0 _aNew kid on the block
_h[electronic resource] :
_b10 steps to help you survive and thrive in the first 100 days of your new job /
_cFrances Kay.
260 _aLondon :
_bCyan,
_c2006.
300 _a189 p.
490 1 _aCareer makers
533 _aElectronic reproduction.
_bPalo Alto, Calif. :
_cebrary,
_d2011.
_nAvailable via World Wide Web.
_nAccess may be limited to ebrary affiliated libraries.
650 0 _aSuccess in business.
650 0 _aCareer development.
655 7 _aElectronic books.
_2local
710 2 _aebrary, Inc.
830 0 _aCareer makers.
856 4 0 _uhttp://site.ebrary.com/lib/rucke/Doc?id=10424335
_zAn electronic book accessible through the World Wide Web; click to view
999 _c238952
_d238952